000 00216 a2200097 4500
001 11139
100 _aI. H. Quareshi
245 _aThe Pakistan way of life
260 _a
_bWilliam Heineman
_c
090 _c8693
_d8693
942 _aNUST-CAE
_cM
_c35481
999 _c246212
_d246212